000 00268 a2200121 4500
001 63738
082 _a891.5931 KHA
090 _c37716
_d37716
100 _aKhater Afridi
245 _aDa Khater Kulyaat
260 _aPeshawar
_bInam ul Manan Pub
300 _a605
942 _acaenust
_k891.5931 KHa
999 _c298811
_d298811